ස්ත්රී පුරුෂ සමාජභාවය හා ගැටුම් පරිණාමනය : පාරිභාෂික ශබ්ද මාලාව (Record no. 125314)
[ view plain ]
| 000 -LEADER | |
|---|---|
| fixed length control field | 00729nam a2200205Ia 4500 |
| 003 - CONTROL NUMBER IDENTIFIER | |
| control field | LK-CoDNM |
| 008 - FIXED-LENGTH DATA ELEMENTS--GENERAL INFORMATION | |
| fixed length control field | 010623t2005 xxu||||| |||| 00| 1 sin d |
| 040 ## - CATALOGING SOURCE | |
| Original cataloging agency | LK-CoDNM |
| Modifying agency | LK-CoDNM |
| Description conventions | LK-CoDNM |
| 041 ## - LANGUAGE CODE | |
| Language code of text/sound track or separate title | Sinhala; Sinhalese |
| 080 ## - UNIVERSAL DECIMAL CLASSIFICATION NUMBER | |
| Universal Decimal Classification number | 396 |
| Item number | WIJ |
| 942 ## - ADDED ENTRY ELEMENTS (KOHA) | |
| Koha item type | Books |
| 100 ## - MAIN ENTRY--PERSONAL NAME | |
| Personal name | Abesekera ,Asha |
| 700 ## - ADDED ENTRY--PERSONAL NAME | |
| Personal name | Fonseka ,Dilrukshi |
| 700 ## - ADDED ENTRY--PERSONAL NAME | |
| Personal name | Wijedasa ,B.K.H.A |
| Relator term | translater |
| 245 ## - TITLE STATEMENT | |
| Title | ස්ත්රී පුරුෂ සමාජභාවය හා ගැටුම් පරිණාමනය : පාරිභාෂික ශබ්ද මාලාව |
| 246 ## - VARYING FORM OF TITLE | |
| Title proper/short title | Stree Purusa Samajabhawaya ha Gatum Parinamanaya: Dictionary |
| 260 ## - PUBLICATION, DISTRIBUTION, ETC. (IMPRINT) | |
| Name of publisher, distributor, etc. | Sri Lanka Jatika Sama Mandalaya |
| Place of publication, distribution, etc. | Colombo |
| Date of publication, distribution, etc. | 2005 |
| 300 ## - PHYSICAL DESCRIPTION | |
| Other physical details | 28p, 30 cm |
| 650 ## - SUBJECT ADDED ENTRY--TOPICAL TERM | |
| Topical term or geographic name as entry element | Dictionary |
| Withdrawn status | Lost status | Damaged status | Not for loan | Collection code | Permanent Location | Current Location | Date acquired | Full call number | Barcode | Koha item type |
|---|---|---|---|---|---|---|---|---|---|---|
| Monographs | Library National Museum Colombo - Sri Lanka | Library National Museum Colombo - Sri Lanka | 2023-08-02 | 396 WIJ | P32716 | Books |


